[Event "12th Israeli intl it"]
[Site "Netanya ISR"]
[Date "1975.06.10"]
[Round "13"]
[White "Najdorf, Miguel"]
[Black "Shamkovich, Leonid"]
[Result "1/2-1/2"]
[WhiteElo "2510"]
[BlackElo "2505"]
[EventDate "1975.05.28"]
[PlyCount "75"]
[Source "ChessBase"]

1.d4 Nf6 2.c4 g6 3.g3 Bg7 4.Bg2 c5 5.d5 d6 6.Nc3 O-O 7.Nf3 e6 8.O-O exd5 
9.cxd5 Na6 10.h3 Re8 11.Nd2 Nc7 12.a4 b6 13.Nc4 Ba6 14.Qb3 Bxc4 15.Qxc4 a6
16.Qh4 Nd7 17.Bg5 f6 18.Bh6 f5 19.Qxd8 Raxd8 20.Bxg7 Kxg7 21.f4 Re3 22.Kf2
Rde8 23.Bf3 c4 24.g4 R3e7 25.gxf5 gxf5 26.Rg1+ Kf6 27.Rg5 b5 28.axb5 axb5 
29.Rag1 b4 30.Rh5 Nf8 31.Na2 Nxd5 32.Rgg5 b3 33.Rxf5+ Kg7 34.Rxd5 bxa2 35.
Ra5 Ne6 36.Rxa2 Nxf4 37.Rh4 Rf8 38.Ra8 1/2-1/2

[Event "12th Israeli intl it"]
[Site "Netanya ISR"]
[Date "1975.06.10"]
[Round "13"]
[White "Panno, Oscar"]
[Black "Radashkovich, Itchak"]
[Result "1/2-1/2"]
[WhiteElo "2545"]
[BlackElo "2440"]
[EventDate "1975.05.28"]
[PlyCount "52"]
[Source "ChessBase"]

1.Nf3 Nf6 2.c4 e6 3.g3 d5 4.Bg2 Be7 5.O-O O-O 6.d4 c6 7.Qc2 Nbd7 8.b3 b6 
9.Rd1 Bb7 10.Nc3 Rc8 11.e4 dxe4 12.Nxe4 Nxe4 13.Qxe4 Bd6 14.Qc2 Qe7 15.Re1
Nf6 16.Bb2 Rfd8 17.Rad1 Qf8 18.Nh4 Rd7 19.f4 Ba3 20.f5 Bxb2 21.Qxb2 c5 22.
fxe6 fxe6 23.Bxb7 Rxb7 24.Rxe6 cxd4 25.Rxd4 Qc5 26.Nf3 Rd7 {und nach 36 
Zügen} 1/2-1/2